Guess the K-pop Artist by Song Title - Statistics

General Stats
  • This quiz has been taken 164 times
  • The average score is 19 of 28
Answer Stats
Song name Answer % Correct
Boy with Luv BTS
99%
Kill This Love Blackpink
98%
Feel Special TWICE
87%
Wannabe Itzy
86%
HIP Mamamoo
83%
Monster EXO
79%
SOLO Jennie
79%
Bad Boy Red Velvet
79%
MIROH Stray Kids
78%
Oh my God G-IDLE
77%
Crown TXT
75%
Love Scenario iKON
74%
I Am the Best 2NE1
72%
La Vie en Rose IZ*ONE
72%
BBoom BBoom Momoland
72%
Cherry Bomb NCT
68%
Bon Bon Chocolat EVERGLOW
67%
Don't Wanna Cry Seventeen
67%
I Got A Boy Girl's Generation
66%
Mr. Simple Super Junior
59%
Twit Hwasa
58%
Move Taemin
57%
Gotta Go Chungha
54%
Really Really Really WINNER
51%
Crazy 4Minute
50%
Eung Eung (%%) Apink
40%
Heroine Sunmi
40%
D.D.D. EXID
30%
No matching quizzes found
Score Distribution
Percent of People with Each Score
Percentile by Number Answered
Your Score History
You have not taken this quiz